000 02562cad a22002535a 4500
001 L145392
008 081002e20081001xxk f 000 0 eng d
020 _a9781409805441
035 _a(Sirsi) u145392
041 0 _aeng
050 0 4 _a306.11 $2 18
110 2 _aUnited Kingdom
_bDepartment for Communities and Local Government
_94939
245 0 0 _aResidents' choice
_bguidance on tenant management and other options supported through the Tenant Empowerment Programme
_h[electronic resource]
260 _aLondon
_bDCLG
_c2008
505 2 _aWhat's it all about?: can we do it for ourselves?; controlling housing services; the possible benefits; what is right for us?; support under the Tenant Empowerment Programme; getting more help, landlords and lead advisor; how do we make sure things go to plan? -- Exploring the options: taking control; choosing the route that's right for you; getting started; getting all the help you need; consulting and involving your community; training; outcomes from the Exploring the Options stage; funding the work programme; applying for Tenant Empowerment Grant
505 2 _aFeasibility and development: the work programme; the right skills for the job; Approved Assessor, first visit; what you will do in your feasibility and development study; working in partnership; making a difference; winning and holding support; strengthening your committee; competence; moving on, offer and ballot on a TMO; what happens now? -- Now it's for real: implementation (entering into an agreement); completing the management agreement; choosing your staff team; setting up your office; what happens now? -- Appendices: choosing a constitution that's right for you; choosing a lead advisor; person specification for lead advisor; sample tri-partite agreement; RTM proposal notice; useful contacts; glossary
520 _aHandbook gives guidance to residents who live in social housing who are contemplating taking control of housing services. Looks at ways in which residents can get advice and explore their choices for having more influence over services in their communities. Also explains how to form a Tenant Management Organisation (TMO) or negotiate local management agreements.
521 _aAdvanced
590 _aKA
651 4 _aUnited Kingdom
_y
690 _aPROPERTY-RESIDENTIAL PROPERTY-RESIDENTIAL PROPERTY TENURE-LEASEHOLD RESIDENTIAL PROPERTY
856 4 0 _uhttps://www.communities.gov.uk/publications/housing/residentchoiceguidance
_zView the item free of charge online at www.communities.gov.uk...
942 _n0
999 _c108784
_d108784